[Event "SVK-chT2D 1617"]
[Site "Slovakia"]
[Date "2016.12.04"]
[Round "6.7"]
[White "Varga, Lukas"]
[Black "Gajdos, Jozef"]
[Result "0-1"]
[WhiteElo "1882"]
[BlackElo "1995"]
[PlyCount "67"]
[EventDate "2016.10.08"]
[EventType "team-tourn"]
[EventRounds "11"]
[EventCountry "SVK"]
[SourceTitle "EXT 2018"]
[Source "ChessBase"]
[SourceDate "2017.10.13"]
[SourceVersion "1"]
[SourceVersionDate "2017.10.13"]
[SourceQuality "1"]
[WhiteTeam "Kosice Slavia UPJS III"]
[BlackTeam "Kosice Dynamo"]
[WhiteTeamCountry "SVK"]
[BlackTeamCountry "SVK"]

1. e4 e6 2. d4 d5 3. Nd2 Nf6 4. Bd3 dxe4 5. Nxe4 Nbd7 6. Nf3 Nxe4 7. Bxe4 Nf6 8. Bd3 Be7 9. 0-0 0-0 10. Re1 b6 11. Ne5 Bb7 12. Re3 c5 13. Rh3 Qd5 14. Rg3 Qxd4 15. Bh6 Qxe5 16. Bxg7 Qxg3 17. hxg3 Kxg7 18. Qd2 h6 19. Re1 Rad8 20. Qf4 Rd4 21. Qc7 Rd7 22. Qf4 Rfd8 23. Bb5 Rd1 24. Rf1 Rxf1+ 25. Kxf1 Bd6 26. Qh4 Be4 27. c3 Bc7 28. Ke2 Rd5 29. g4 Bf4 30. g3 Rd2+ 31. Ke1 Bf3 32. Ba4 Bg5 33. Qxg5+ hxg5 34. Kxd2 0-1

[Event "SVK-chT2D 1516"]
[Site "Slovakia"]
[Date "2016.02.14"]
[Round "9.3"]
[White "Gajdos, Jozef"]
[Black "Vorovic, Arkadij"]
[Result "0-1"]
[WhiteElo "2019"]
[BlackElo "2142"]
[PlyCount "87"]
[EventDate "2015.10.17"]
[EventType "team-tourn"]
[EventRounds "11"]
[EventCountry "SVK"]
[SourceTitle "EXT 2017"]
[Source "ChessBase"]
[SourceDate "2016.10.25"]
[SourceVersion "1"]
[SourceVersionDate "2016.10.25"]
[SourceQuality "1"]
[WhiteTeam "Kosice Dynamo"]
[BlackTeam "Velke Kapusany"]
[WhiteTeamCountry "SVK"]
[BlackTeamCountry "SVK"]

1. d4 d5 2. Nf3 Nf6 3. g3 Bf5 4. Bg2 e6 5. 0-0 Nbd7 6. c4 c6 7. b3 h6 8. Bb2 Qa5 9. Nc3 Ba3 10. Qc1 Bxb2 11. Qxb2 0-0 12. Nd2 Rfd8 13. e4 dxe4 14. Ndxe4 Nxe4 15. Nxe4 Bxe4 16. Bxe4 Nf6 17. Bg2 Rd7 18. Rad1 Rad8 19. Rd2 e5 20. Rfd1 Rxd4 21. Rxd4 exd4 22. Rxd4 Rxd4 23. Qxd4 Qxa2 24. Qd8+ Kh7 25. Qd3+ g6 26. Bf3 Qb2 27. Qe3 Kg7 28. Kg2 Qa3 29. Qc3 a5 30. Qc2 Qc5 31. Qc3 b6 32. h3 Qd6 33. Qe3 c5 34. Qe2 Nd7 35. Bd5 Ne5 36. f4 Nc6 37. Qe8 Nd8 38. Kf3 Ne6 39. Kf2 h5 40. h4 Qd8 41. Qc6 Nd4 42. Qb7 Qf6 43. Kg2 Nxb3 44. Qd7 0-1

[Event "SVK-chT2D 0607"]
[Site "Slovakia"]
[Date "2007.01.13"]
[Round "7.5"]
[White "Gajdos, Jozef"]
[Black "Demeter, Peter"]
[Result "1-0"]
[WhiteElo "2052"]
[BlackElo "2282"]
[PlyCount "111"]
[EventDate "2006.10.14"]
[EventType "team-tourn"]
[EventRounds "11"]
[EventCountry "SVK"]
[SourceTitle "EXT 2008"]
[Source "ChessBase"]
[SourceDate "2007.11.25"]
[SourceVersion "1"]
[SourceVersionDate "2007.11.25"]
[SourceQuality "1"]
[WhiteTeam "Kosice DPMK"]
[BlackTeam "Sabinov"]
[WhiteTeamCountry "SVK"]
[BlackTeamCountry "SVK"]

1. d4 Nf6 2. Nf3 g6 3. g3 Bg7 4. Bg2 c5 5. d5 d6 6. 0-0 0-0 7. c4 e6 8. Nc3 exd5 9. cxd5 Re8 10. e4 Nxe4 11. Nxe4 Rxe4 12. Ng5 Rd4 13. Qf3 Qf8 14. Bf4 Nd7 15. Bxd6 Qxd6 16. Qxf7+ Kh8 17. Ne6 Bf8 18. Nxd4 cxd4 19. Rfe1 Nf6 20. Rac1 Bd7 21. Re6 Bxe6 22. Qxf6+ Bg7 23. Qxe6 Qxe6 24. dxe6 d3 25. Bxb7 Re8 26. Bd5 Bxb2 27. Rd1 Kg7 28. Rxd3 Re7 29. Bb3 h6 30. Rd7 Ba3 31. Kg2 Kf6 32. Rxe7 Bxe7 33. f4 Bc5 34. Kf3 g5 35. Kg4 gxf4 36. Kxf4 Bb4 37. h3 Bd2+ 38. Kg4 Be1 39. h4 Bb4 40. Kh5 Kg7 41. g4 Be7 42. Bc2 Bd8 43. g5 hxg5 44. hxg5 Be7 45. Kg4 Bd8 46. Kf5 Be7 47. Ba4 Bd8 48. Bc2 Be7 49. a4 a5 50. g6 Bf6 51. Bd3 Bd8 52. Ke5 Be7 53. Bf5 Bf8 54. Kd5 Kf6 55. Kc6 Bb4 56. Kd7 1-0